000 00625nam a2200193Ii 4500
003 JO-AjNU
008 230606s9999||||xx |||||||||||||| ||und||
020 _a978-93-8989-840-8
040 _aJO-AjNU
_beng
_erda
_cJO-AjNU
041 _aeng
050 1 4 _aHF5548.32.2021
100 3 _aChakraborty,Sudeshna, Priyanka Tyagi ,
_eauthor
_96431
245 0 0 _aE-Commerce for Enterpreneurs: Launch Your E-Commerce Startup with strong Technology and Digital Marketing
264 3 1 _aIndia: BPB, 2021
300 _a152P
336 _atext
_btxt
_2rdacontent
337 _aunmediated
_bn
_2rdamedia
338 _avolume
_bnc
_2rdacarrier
999 _aE3336
_c3332
_d3332